[Event "18th Aeroflot Open-A 2020"]
[Site "Moscow"]
[Date "2020.02.25"]
[Round "7.33"]
[White "Raja Harshit"]
[Black "Chanda, Sandipan"]
[Result "1/2-1/2"]
[WhiteElo "2472"]
[BlackElo "2552"]
[Annotator "TA"]
[PlyCount "50"]
[EventDate "2020.02.19"]
[EventType "swiss"]
[EventCountry "RUS"]
[SourceTitle "playchess.com"]
[Source "ChessBase"]
[SourceQuality "1"]

{[%evp 15,50,43,45,31,40,41,33,41,38,19,27,31,46,47,45,37,79,33,55,44,50,42,64,0,0,0,0,0,87,82,77,81,84,82,82,81,72]} 1. d4 e6 2. c4 f5 3. g3 Nf6 4. Bg2 g6 5. Nf3 Bg7 6. O-O O-O 7. Nc3 d5 8. Bf4 c6 9. Qc1 {[#] A87: Dutch Defence: Leningrad System: 5 Nf3.} Re8 $146 ({Predecessor:} 9... Ne4 10. Be5 Nd7 11. Bxg7 Kxg7 12. b4 Qc7 13. cxd5 Nxc3 14. Qxc3 exd5 15. e3 Qd6 16. Rab1 a6 {0-1 (28) Fernandes,M (1939)-Garcia Garcia,A (2158) Coimbra 2016}) 10. Rd1 Nbd7 11. Rb1 {White is slightly better.} Ne4 12. b4 Nb6 13. Nxe4 fxe4 14. Ne5 Qe7 15. h4 Nd7 16. f3 Nxe5 17. dxe5 exf3 18. Bxf3 b5 19. c5 (19. cxd5 $14 cxd5 20. Qc5) 19... a5 $11 20. a3 Rf8 21. Qe3 a4 (21... axb4 $11 22. axb4 Ra4) 22. Kg2 {White is better.} Qc7 23. Bg4 Bd7 24. Rf1 Rf7 25. Rf3 Raf8 {Accuracy: White = 88%, Black = 88%.} 1/2-1/2

[Event "18th Aeroflot Open-A 2020"]
[Site "Moscow"]
[Date "2020.02.25"]
[Round "7.34"]
[White "Mendonca, Leon Luke"]
[Black "Kunin, Vitaly"]
[Result "0-1"]
[WhiteElo "2418"]
[BlackElo "2550"]
[Annotator "TA"]
[PlyCount "68"]
[EventDate "2020.02.19"]
[EventType "swiss"]
[EventCountry "RUS"]
[SourceTitle "playchess.com"]
[Source "ChessBase"]
[SourceQuality "1"]

{[%evp 9,68,-2,19,6,12,0,0,0,31,0,18,4,21,0,0,0,6,0,8,-10,0,-10,0,-22,48,26,27,0,0,-100,-98,-101,-68,-158,-161,-156,-157,-166,-141,-154,-154,-158,-160,-158,-140,-180,-179,-333,-310,-304,-180,-345,-154,-143,-133,-352,-365,-2037,-1983,-1859,-1783]} 1. d4 d5 2. Bf4 c5 3. e3 cxd4 4. exd4 Nc6 5. c3 f6 6. Nf3 {B13: Caro-Kann: Exchange Variation and Panov-Botvinnik Attack.} g5 7. Bg3 (7. Nxg5 fxg5 8. Qh5+ Kd7 $17) 7... Bg7 {[#]} 8. h3 $146 {The position is equal.} ({Predecessor:} 8. Na3 a6 9. Nd2 Nh6 10. Bd3 e5 11. dxe5 fxe5 12. Qh5+ Nf7 13. h4 e4 14. Bc2 {0-1 (70) Agrest,E (2580)-Beerdsen,T (2460) Porto Carras 2018}) 8... Bf5 9. Bd3 e6 10. O-O Nge7 11. c4 Qd7 12. Nc3 O-O 13. Re1 Rad8 14. Na4 b6 15. cxd5 Nxd5 16. Nc3 Nce7 ({Better is} 16... Ncb4 $11 17. Bb1 (17. Bxf5 exf5 18. a3 Nc6 $11) 17... Bxb1 18. Rxb1 Rfe8) 17. Bf1 h5 18. Rc1 Bh6 19. Nd2 (19. Ra1 $11) 19... g4 $17 20. hxg4 hxg4 21. Nde4 (21. Nce4 $15) 21... Bxc1 22. Qxc1 Nxc3 23. bxc3 Qc6 $1 24. Bd3 {[#]} Ng6 $1 25. Qh6 {[#] White wants to play Nc5!} Rd7 $1 26. Qe3 Kg7 27. a4 Qxa4 28. Nd6 $2 (28. Qe2 Qa5 29. Nd6 Bxd3 30. Qxd3) 28... Bxd3 $19 29. Qxd3 Qa5 (29... f5 $142 {White must now prevent ...f4.} 30. f3 gxf3 31. gxf3 Qb3) 30. Qe2 $2 (30. Rxe6 Qa1+ 31. Qf1 Qxf1+ 32. Kxf1) 30... Rh8 ({Not} 30... Qxc3 31. Qxe6 Kh8 32. Nf5 $15) (30... f5 $19 {Strongly threatening ...f4.} 31. Nc4 (31. Qxe6 $2 Re7 $19) 31... Qb5) 31. Qxg4 $17 Re7 ({And not} 31... Qxc3 32. Qxe6 Rxd6 33. Bxd6 $14) 32. Qe4 $2 (32. f3 $17 {might work better.}) 32... Qxc3 $19 33. d5 $2 (33. Rf1) 33... exd5 {[%mdl 64] Pin} 34. Nf5+ {[#]} Kf8 $1 {Accuracy: White = 48%, Black = 69%.} 0-1

[Event "18th Aeroflot Open-A 2020"]
[Site "Moscow"]
[Date "2020.02.25"]
[Round "7.35"]
[White "Sengupta, Deep"]
[Black "Kozionov, Kirill"]
[Result "1-0"]
[WhiteElo "2534"]
[BlackElo "2466"]
[Annotator "TA"]
[PlyCount "81"]
[EventDate "2020.02.19"]
[EventType "swiss"]
[EventCountry "RUS"]
[SourceTitle "playchess.com"]
[Source "ChessBase"]
[SourceQuality "1"]

{[%evp 13,81,20,21,13,44,32,31,10,35,0,0,0,0,0,4,0,6,-13,0,-9,14,0,0,9,2,12,11,9,21,0,19,4,0,-4,-4,-28,14,14,16,11,18,12,11,11,27,28,25,39,72,42,188,177,206,125,128,122,125,116,174,154,227,227,366,227,220,159,29970,29971,29988,1070]} 1. d4 Nf6 2. Nf3 g6 3. g3 Bg7 4. Bg2 O-O 5. O-O d6 6. a4 Nbd7 7. a5 c6 8. Re1 {A49: 1 d4 Nf6 2 Nf3 g6 3 g3: Anti-King's Indian systems.} Qc7 9. e4 e5 10. Nc3 {White is slightly better.} Rb8 11. dxe5 dxe5 12. Be3 b5 13. axb6 axb6 {[#]} 14. Nd2 $146 ({Predecessor:} 14. Qd2 b5 15. b4 Rd8 16. Red1 Bf8 17. Nxe5 Bxb4 18. Bf4 Nh5 19. Nxd7 Nxf4 20. Nf6+ {1-0 (31) Saeed,I (2312)-Perez Ponsa,F (2585) Doha 2016}) 14... Rd8 15. b4 Nf8 16. b5 Bb7 17. Ra7 Ra8 18. Rxa8 Bxa8 19. bxc6 Bxc6 20. Qb1 b5 21. Bg5 Rc8 22. Bxf6 Bxf6 23. Nf1 Qa5 24. Bh3 (24. Nd5 {is interesting.} Bxd5 25. exd5 Rxc2 26. Qxc2 Qxe1 27. Qc6) 24... Bd7 (24... Rd8 {with more complications.} 25. Qa1 Qb4 26. Rb1 Qc5 27. Ne3 Bg5) 25. Bxd7 $1 Rxc3 26. Bxb5 Rxc2 27. Qxc2 Qxe1 28. Bc4 Kg7 29. Qa2 {[#] Threatens to win with Qa7.} Qxe4 30. Bxf7 Bg5 31. h4 Bh6 (31... Bd8 $14) 32. Bd5 $18 Qf5 33. Qc4 {g4 is the strong threat.} Qd7 34. Nh2 $36 {[%mdl 2048] White is on the roll.} Kh8 35. Nf3 Qd6 (35... Bg7 $16 {keeps fighting.} 36. Ng5 Bf6) 36. Qa2 Kg7 (36... Nd7 $16 37. Qa8+ Qf8) 37. Qa8 Qe7 (37... Bc1 $142 38. Bc4 Ba3 39. Qb7+ Qd7) 38. Kg2 Bc1 39. Qa1 Bh6 $2 {[#]} (39... Ba3 $16 40. Nxe5 Qf6) 40. Nxe5 Qf6 41. f4 {Accuracy: White = 77%, Black = 60%.} (41. Qa7+ $142 Kh8 42. Nf7+ Kg8 43. Nxh6+ {[%mdl 64] Discovered Attack (Double check)} Kh8 44. Nf7+ Kg7 45. Nd6+ Kh6 46. Qe3+ g5 47. hxg5+ Kg7 48. gxf6+ Kxf6 49. f4 h5 50. Qe5+ {[%mdl 64] Double Attack} Kg6 51. Be4+ Kh6 52. Qg5#) 1-0

[Event "18th Aeroflot Open-A 2020"]
[Site "Moscow"]
[Date "2020.02.25"]
[Round "7.36"]
[White "Buksa, Nataliya"]
[Black "Iljiushenok, Ilia"]
[Result "1/2-1/2"]
[WhiteElo "2403"]
[BlackElo "2519"]
[Annotator "TA"]
[PlyCount "106"]
[EventDate "2020.02.19"]
[EventType "swiss"]
[EventCountry "RUS"]
[SourceTitle "playchess.com"]
[Source "ChessBase"]
[SourceQuality "1"]

{[%evp 11,106,9,12,6,16,22,12,10,18,0,0,-4,0,8,4,17,18,13,17,-10,-8,-10,28,10,27,5,27,0,13,0,24,20,25,21,18,10,20,22,21,3,26,0,0,0,29,0,0,0,0,0,0,0,0,0,0,0,0,0,-1,-8,-8,-19,-19,-10,-12,-12,-12,-12,-10,-32,-8,-8,-8,-16,0,0,0,0,0,0,0,0,0,0,0,0,0,0,0,0,0,0,0,0,0,0,0]} 1. e4 e6 2. d4 d5 3. Nd2 c5 4. Ngf3 cxd4 5. Nxd4 Nf6 6. exd5 Qxd5 7. Nb5 {[#] aiming for Nc7+. C07: French Tarrasch: 3...c5, 4 Ngf3 and 4 exd5 Qxd5.} Na6 {[%cal Bb8a6,Ba6c7,Bc7d5,Bd5c3][%mdl 32]} 8. Nc3 Qd6 9. a3 {9.Bc4 is not played anymore.} Bd7 10. Qf3 Bc6 11. Qg3 Qxg3 12. hxg3 Nc7 13. Nc4 Ncd5 14. Bd2 {[#]} Bc5 $146 ({Predecessor:} 14... Nxc3 15. Bxc3 Ne4 16. Bd4 Bc5 17. Bxc5 Nxc5 18. b4 Ne4 19. Bd3 Nf6 20. f3 Ke7 {1-0 (38) Bok,B (2591)-Fridman,D (2627) Rosmalen 2014}) 15. Ne5 Nxc3 $1 16. Bxc3 Bd5 17. f3 Ke7 18. Bd3 Rac8 19. Ke2 h6 20. Rh4 b6 21. Ng4 Ne8 22. Ne3 Bc6 23. Bb4 Nf6 24. Bxc5+ bxc5 25. b4 Rb8 26. bxc5 Rhc8 27. Rb4 a5 28. Rxb8 Rxb8 29. Nc4 Rb5 30. Ne5 Rxc5 31. Nxc6+ Rxc6 $11 {[%mdl 4096] Endgame KRB-KRN} 32. Rb1 Nd5 {[#] Hoping for ...Nc3+.} 33. Rb7+ Rc7 34. Rb8 Rc3 35. Rb3 Kd6 36. Kd2 Rxb3 37. cxb3 {KB-KN} Kc5 38. Be4 Nc7 39. Bd3 Kd4 40. Bc4 f6 41. g4 {The position is equal.} e5 42. g3 g5 43. Be2 Nd5 44. Bf1 Ne3 45. Be2 Nd5 46. Bf1 Ne7 47. Bd3 Nc6 48. Be4 Nd8 49. Bd3 Nb7 50. Be4 Nc5 51. Bc2 Ne6 52. Bf5 Nc7 53. Bd3 Nd5 {Not much happened in this game. Accuracy: White = 90%, Black = 95%.} 1/2-1/2

[Event "18th Aeroflot Open-A 2020"]
[Site "Moscow"]
[Date "2020.02.25"]
[Round "7.37"]
[White "Stupak, Kirill"]
[Black "Zarubitski, Viachaslau"]
[Result "1/2-1/2"]
[WhiteElo "2518"]
[BlackElo "2432"]
[Annotator "TA"]
[PlyCount "39"]
[EventDate "2020.02.19"]
[EventType "swiss"]
[EventCountry "RUS"]
[SourceTitle "playchess.com"]
[Source "ChessBase"]
[SourceQuality "1"]

{[%evp 9,39,-29,-16,-33,-29,0,-8,-26,0,0,0,0,0,0,0,0,0,0,0,0,0,0,19,0,0,-30,-27,-42,-27,-29,-17,0]} 1. Nf3 Nf6 2. c4 c6 3. d4 d5 4. Nc3 dxc4 5. e4 b5 $1 6. Be2 {D15: Slav Defence: 4 Nc3 a6 and gambit lines after 4 Nc3 dxc4.} e6 7. O-O Bb7 {7...Bb7 is better than 7...Be7.} 8. b3 cxb3 9. Qxb3 Be7 {[#]} 10. e5 $146 ({Predecessor:} 10. a4 b4 11. e5 Nd5 12. Ne4 a5 13. Bg5 O-O 14. Bxe7 Qxe7 15. Nfg5 h6 16. f4 hxg5 17. fxg5 {0-1 (60) Mikaelyan,A (2476)-Andriasian,Z (2611) Yerevan 2020}) 10... Nd5 11. Ne4 h6 12. Bd2 a5 13. Ne1 Qb6 14. Nc2 Nd7 15. Qg3 g6 16. Rab1 Ba6 17. Rfc1 b4 18. Bxa6 Qxa6 19. Ne3 Nxe3 20. Qxe3 {Accuracy: White = 100%, Black = 100%.} 1/2-1/2

[Event "18th Aeroflot Open-A 2020"]
[Site "Moscow"]
[Date "2020.02.25"]
[Round "7.38"]
[White "Kulaots, Kaido"]
[Black "Sreeshwan Maralakshikari"]
[Result "1-0"]
[WhiteElo "2510"]
[BlackElo "2440"]
[Annotator "TA"]
[PlyCount "125"]
[EventDate "2020.02.19"]
[EventType "swiss"]
[EventCountry "RUS"]
[SourceTitle "playchess.com"]
[Source "ChessBase"]
[SourceQuality "1"]

{[%evp 24,125,48,42,32,14,26,36,33,33,32,0,0,0,26,-21,47,47,60,41,50,48,47,22,61,61,61,61,61,53,59,61,92,92,97,79,68,85,92,83,149,59,59,59,59,59,66,10,58,58,58,58,57,0,58,58,58,57,58,60,60,60,60,60,56,60,60,60,60,57,57,54,66,57,60,64,252,122,122,122,122,122,122,122,122,122,122,108,231,241,363,363,362,354,338,328,491,492,473,431,451,445,382,338]} 1. d4 d5 2. c4 c6 3. Nc3 Nf6 4. Nf3 e6 5. e3 Nbd7 6. Qc2 b6 7. Bd3 Bb7 8. O-O Be7 9. Rd1 O-O 10. b3 h6 11. Bb2 Qc7 12. Rac1 Rac8 13. Qe2 Qb8 {D46: Semi-Slav: 5 e3 Nbd7 6 Bd3, Black avoids the Meran.} 14. Bb1 Rfd8 15. Ne5 Nf8 {[#] White is slightly better.} 16. f4 $146 ({Predecessor:} 16. e4 dxe4 17. Nxe4 c5 18. dxc5 bxc5 19. Nxf6+ Bxf6 20. Qe3 Rxd1+ 21. Rxd1 Rd8 22. Bc2 Rxd1+ 23. Bxd1 {½-½ (59) Girya,O (2454)-Nechaeva,M (2408) Khanty-Mansiysk 2018}) 16... c5 17. f5 cxd4 18. exd4 Re8 19. Rf1 Rcd8 (19... dxc4 $11 20. bxc4 Rcd8) 20. fxe6 $14 Nxe6 21. Nxd5 Bxd5 22. cxd5 Rxd5 23. Qc2 Nxd4 24. Bxd4 $40 {[%mdl 128] Black needs to defend precisely.} Rxe5 25. Bxe5 Qxe5 26. Qf5 Bc5+ 27. Kh1 Qb8 28. Rce1 Bd4 29. Bd3 Rxe1 30. Rxe1 g6 31. Qf3 {And now Bc4 would win.} Kg7 ({Black should play} 31... Qc7) 32. a4 (32. Re7 $16 {Hoping for Bc4.} Bc5 33. Rb7) 32... Qc7 33. Bc4 a5 34. Rf1 Qe7 35. g4 (35. Qd3 $14 Be5 36. Qe3) 35... g5 36. Kg2 Bc5 37. Qf5 Qd6 38. Qf3 Qe7 $1 39. Rd1 Bd6 40. Rd2 Bc5 41. h3 Qe1 {[%csl Gc5][%cal Re1g1]} 42. Rd1 Qe7 $1 43. Kf1 Bd6 44. Re1 Qc7 45. Re2 Bc5 46. Ke1 Qd7 47. Qd3 Qc7 48. Kd1 Qf4 49. Kc2 Qf1 $2 {[#]} ({Black should try} 49... h5 $1 $14) 50. Qg3 (50. b4 $1 $18 {[%cal Rb4c5][%mdl 512] and the rest is easy.} Bxb4 (50... axb4 51. Bxf7) 51. Bxf7 $1 {[%mdl 512]}) 50... Qa1 $16 {Strongly threatening ...Qa2+.} 51. Qe1 Qd4 52. Qh1 Qd7 53. Qf3 Qc7 54. Qf5 Bd4 55. h4 Nh7 {[#]} (55... Qg3 $16) 56. Rd2 $1 $18 {[%cal Rd2d4]} Bf6 (56... Bc5 $142 57. Kd1 Qf4 58. Qxf4 gxf4) 57. Qd7 Qxd7 58. Rxd7 gxh4 59. Rxf7+ {KRB-KBN} Kh8 (59... Kg6 {was worth a try.} 60. Rb7 Nf8 61. Rxb6 h3) 60. Bd3 Bg7 61. Rb7 h3 62. Rxb6 h2 63. Be4 {Accuracy: White = 82%, Black = 65%.} 1-0

[Event "18th Aeroflot Open-A 2020"]
[Site "Moscow"]
[Date "2020.02.25"]
[Round "7.39"]
[White "Gadimbayli, Abdulla"]
[Black "Gokerkan, Cem Kaan"]
[Result "1-0"]
[WhiteElo "2460"]
[BlackElo "2461"]
[Annotator "TA"]
[PlyCount "79"]
[EventDate "2020.02.19"]
[EventType "swiss"]
[EventCountry "RUS"]
[SourceTitle "playchess.com"]
[Source "ChessBase"]
[SourceQuality "1"]

{[%evp 9,79,11,7,0,11,10,21,20,23,10,18,16,62,57,60,54,68,1,10,11,72,37,71,60,56,78,61,58,73,59,89,80,79,85,91,93,115,109,146,135,141,130,174,184,356,355,344,342,483,481,429,272,259,262,254,191,262,258,247,243,354,354,352,358,408,408,404,397,456,456,414,380]} 1. e4 c5 2. Nf3 d6 3. Bb5+ Nd7 4. O-O a6 5. Be2 Ngf6 6. d3 {B51: Sicilian: Moscow Variation (3 Bb5+) without 3...Bd7.} e6 {now scores much better than the old 6...g6.} 7. a4 Be7 8. a5 {The position is equal.} O-O 9. Nc3 {[#]} Nb8 $146 ({Predecessor:} 9... d5 10. exd5 Nxd5 11. Nxd5 exd5 12. d4 c4 13. b3 cxb3 14. c4 dxc4 15. Bxc4 b5 {½-½ (28) Rendle,T (2373)-Bates,R (2378) Daventry 2018}) 10. e5 Ne8 11. exd6 Nxd6 12. d4 cxd4 13. Nxd4 (13. Qxd4 $14 Nc6 14. Qf4) 13... e5 $11 14. Nb3 Nc6 (14... Bf5 $11) 15. Nd5 Be6 16. Nb6 Nxa5 17. Nxa8 Nxb3 18. cxb3 Qxa8 19. Bg5 f6 {White stays focused until the end.} 20. Be3 Rd8 21. Bb6 Rd7 {[#] And now ...Nc8 would win.} 22. Rc1 Bd8 23. Bc5 Be7 24. Bxd6 Rxd6 25. Qc2 Rd4 26. Rfd1 {[#] Strongly threatening Rxd4.} Rf4 $2 (26... Qd8 {might work better.} 27. Bc4 Rxd1+ 28. Rxd1 Qc8 29. Bxe6+ Qxe6) 27. Qc7 $18 Kf8 28. Bc4 Bg4 (28... Qc8 $142 29. Bxe6 Qxe6 30. Qxb7 Rd4) 29. f3 Bf5 30. Rd2 b5 31. Bd5 Qd8 32. Qxd8+ Bxd8 33. Rc6 Ba5 34. Rd1 Rd4 (34... Bb4 $142 35. Kf2 (35. Rxa6 Rd4 $18) 35... Rh4) 35. Rxd4 exd4 36. Be4 ({Less strong is} 36. Rxa6 d3 $18) 36... Bxe4 37. fxe4 Bd2 38. Rxa6 Bc1 39. Rb6 Ke7 40. Kf1 {Accuracy: White = 83%, Black = 51%.} 1-0

[Event "18th Aeroflot Open-A 2020"]
[Site "Moscow"]
[Date "2020.02.25"]
[Round "7.40"]
[White "Can, Emre"]
[Black "Radovanovic, Mihajlo"]
[Result "0-1"]
[WhiteElo "2600"]
[BlackElo "2458"]
[Annotator "TA"]
[PlyCount "88"]
[EventDate "2020.02.19"]
[EventType "swiss"]
[EventCountry "RUS"]
[SourceTitle "playchess.com"]
[Source "ChessBase"]
[SourceQuality "1"]

{[%evp 16,88,68,45,44,52,64,56,92,82,87,79,79,79,82,78,88,72,79,65,75,42,51,18,16,18,29,0,0,-1,0,-6,-2,-2,-2,-2,22,22,14,0,-2,-2,41,0,35,0,0,0,0,-25,-28,-29,-29,-231,-222,-324,-324,-306,-312,-305,-298,-568,-562,-817,-809,-1202,-1197,-1203,-874,-2595,-1200,-2595,-2485,-29983,-5489]} 1. d4 Nf6 2. c4 g6 3. Nc3 Bg7 4. e4 d6 5. Be2 O-O 6. Nf3 e5 7. O-O Na6 8. Be3 c6 {now supersedes 8...Ng4.} 9. Re1 Re8 {E94: King's Indian: Classical: 6 Be2 e5 7 0-0: Various Black 7th moves.} 10. d5 Ng4 11. Bc1 {[#]} c5 $146 {White is slightly better.} ({Predecessor:} 11... f5 12. exf5 gxf5 13. Ng5 Nf6 14. c5 h6 15. Bxa6 bxa6 16. dxc6 d5 17. c7 Qd7 {½-½ (27) Gelfand,B (2747)-Ding,L (2755) Tsaghkadzor 2015}) 12. h3 Nh6 13. Bd3 f6 14. a3 Nf7 15. Qc2 Bd7 16. Bd2 Rf8 17. Rab1 Qc8 18. Nb5 Nc7 19. b4 Nxb5 20. cxb5 cxb4 21. Qb3 bxa3 22. Qxa3 f5 23. Rec1 Qd8 24. Ba5 b6 25. Bd2 f4 26. Be2 Bf6 27. Rc2 Qb8 28. Ne1 h5 29. Nd3 {[%mdl 1024] White has compensation.} Qe8 30. Qa6 Bc8 31. Qa1 Bh4 32. Nb4 Ng5 $36 {[%mdl 2048] Black fights for an advantage.} 33. f3 Qe7 34. Kf1 $2 {This move loses the game for White.} (34. Nc6 $11 {and White has nothing to worry.} Nxh3+ 35. gxh3 Bf2+ {[%mdl 64] Decoy} 36. Kxf2 Qh4+ {[%mdl 64] Double Attack} 37. Kg1 Bxh3 38. Bf1 Qg3+ {[%mdl 64] Double Attack} 39. Kh1 Qxf3+ 40. Kg1 Qg4+ 41. Kh2 Bxf1 42. Rxf1 Qh4+ 43. Kg1 Qg3+ 44. Kh1 Qh4+ 45. Kg1 Qg3+ 46. Kh1 Qh4+ 47. Kg1) 34... Bxh3 $1 $19 35. Be1 {[#]} (35. Qc3 $142 Qd7 36. Be1 Bxe1 37. Rxe1) 35... Nxe4 $1 {[%mdl 512]} 36. gxh3 {[#]} (36. fxe4 Bxg2+) 36... Qd7 $1 {[%cal Rd7h3]} 37. Kg1 Qxh3 {Strongly threatening ...Bxe1.} 38. Bf1 $2 (38. Bxh4 Qxh4 39. Bd3 Qg3+ 40. Rg2 Qxf3 41. Rf1 Qe3+ 42. Kh2) 38... Qxf3 39. Bxh4 Qg4+ {[%mdl 64] Double Attack} 40. Rg2 Qxh4 41. Rbb2 Ng3 {And now ...Qh1+ would win.} 42. Qe1 Qh1+ 43. Kf2 e4 44. Nc2 Rae8 {Accuracy: White = 57%, Black = 88%.} (44... e3+ $142 45. Nxe3 {[#]} Rae8 $1 {[%mdl 576] Pin} 46. Qb1 Ne4+ 47. Qxe4 fxe3+ 48. Kxe3 Rxe4+ 49. Kxe4 Qxf1 50. Rxg6+ Kh7 51. Rg3 Qc4+ 52. Ke3 Qc3+ {[%mdl 64] Double Attack} 53. Ke2 Qxg3 54. Kd2 Rf2+ 55. Ke1 Qg1#) 0-1

[Event "18th Aeroflot Open-A 2020"]
[Site "Moscow"]
[Date "2020.02.25"]
[Round "7.41"]
[White "Sivuk, Vitaly"]
[Black "Pogosyan, Stefan"]
[Result "1-0"]
[WhiteElo "2557"]
[BlackElo "2455"]
[Annotator "TA"]
[PlyCount "89"]
[EventDate "2020.02.19"]
[EventType "swiss"]
[EventCountry "RUS"]
[SourceTitle "playchess.com"]
[Source "ChessBase"]
[SourceQuality "1"]

{[%evp 13,89,0,19,41,51,52,54,49,50,50,52,41,77,76,66,67,73,65,100,106,127,129,127,127,115,113,172,175,222,213,209,220,225,213,188,134,304,231,297,231,441,364,348,339,339,339,345,258,258,258,258,254,254,254,254,254,257,258,6279,6187,6111,141,5978,5177,5958,1103,5958,5137,6370,5501,6370,6370,6110,6103,6103,6103,5057,1175]} 1. d4 Nf6 2. c4 e6 3. Nc3 Bb4 4. g3 O-O 5. Bg2 d6 6. Nf3 Nc6 7. O-O e5 (7... Bxc3 $5 8. bxc3 e5 $11) 8. Na4 {Strongly threatening a3. E20: Nimzo-Indian: 4 g3 and 4 f3.} exd4 9. a3 Bc5 10. b4 {White is slightly better.} Bb6 $1 {[#]} 11. Bb2 $5 $146 {[%mdl 8] New and interesting.} ({Predecessor:} 11. Nxb6 axb6 12. Nxd4 Nxb4 13. e4 Nc6 14. f4 Nxd4 15. Qxd4 Ra4 16. Bb2 b5 17. Rac1 {0-1 (28) Kaliuzhny,A (2238)-Zavgorodniy,S (2423) Alushta 2006}) 11... Re8 12. Re1 Bd7 13. Nxb6 axb6 14. Nxd4 Nxd4 15. Qxd4 Bc6 16. e4 b5 17. cxb5 Bxb5 18. e5 $1 {[%cal Re5f6]} dxe5 19. Qxd8 $1 Raxd8 (19... Rexd8 $16 20. Bxb7 (20. Rxe5 c6 $14) 20... Ra7) 20. Bxb7 $18 Rd2 21. Bxe5 (21. Rxe5 Ba4) 21... Ng4 22. Bf4 Rxe1+ 23. Rxe1 Ra2 24. Ba6 ({Much less strong is} 24. Bxc7 Nxf2 25. Bb6 (25. Re5 Nh3+ 26. Kh1 Nf2+ 27. Kg1 Nh3+ 28. Kh1 Nf2+ 29. Kg1 $11) 25... Nd3 $16) (24. Bd5 $18 Rc2 25. Re7 Rxf2 26. Bc4 $1 {[%mdl 576] Back Rank} (26. Bxc7 Rf1+ 27. Kg2 Rf2+ 28. Kh3 h5 $11)) 24... Ba4 $2 (24... g5 $16 {keeps fighting.}) 25. Bxc7 {And now b5 would win.} h5 26. f3 Nf2 $2 (26... Nf6 27. b5 Nd5) 27. Re2 Nh3+ 28. Kg2 Rxa3 29. b5 Ng5 30. Rb2 Bd1 {[#]} 31. Bb7 $1 {b6 is the strong threat.} Ra7 32. Bd5 Rxc7 33. b6 Rc8 34. b7 Rb8 35. Ra2 {Threatens to win with Ra8.} Bb3 $2 (35... Kh7) 36. Ra8 Bxd5 37. Rxb8+ Kh7 {[#] With the idea ...Kg6.} 38. Rh8+ $3 {[%mdl 576] Decoy, Clearance, Promotion. White is clearly winning.} Kxh8 39. b8=Q+ Kh7 40. Qe5 Bxf3+ 41. Kf2 f6 42. Qf5+ Kg8 43. Qc8+ Kh7 44. h4 Bg4 45. Qc2+ {White took control after the opening. Accuracy: White = 89%, Black = 63%.} 1-0

[Event "18th Aeroflot Open-A 2020"]
[Site "Moscow"]
[Date "2020.02.25"]
[Round "7.42"]
[White "Lazavik, Denis"]
[Black "Kozak, Adam"]
[Result "0-1"]
[WhiteElo "2428"]
[BlackElo "2523"]
[Annotator "TA"]
[PlyCount "110"]
[EventDate "2020.02.19"]
[EventType "swiss"]
[EventCountry "RUS"]
[SourceTitle "playchess.com"]
[Source "ChessBase"]
[SourceQuality "1"]

{[%evp 29,110,0,-4,0,0,0,0,4,12,8,12,7,7,10,0,-7,-15,-10,-18,-10,0,0,0,-43,0,0,0,0,0,-38,-43,-40,-24,-24,-24,-24,-23,-100,-104,-108,-112,-166,-159,-154,-166,-166,-159,-158,-222,-2007,-933,-12829,-12829,-12829,-12830,-12830,-12831,-12832,-12832,-12831,-12829,-12829,0,-7311,-894,-12837,-12838,-12838,-9029,-5651,-9016,-1566,-7154,-1737,-720,-12843,-12844,-12843,-12844,-12845,-12845,-12848,-12848]} 1. d4 Nf6 2. c4 e6 3. Nf3 c5 4. d5 exd5 5. cxd5 d6 6. Nc3 g6 7. g3 Bg7 8. Bg2 O-O 9. O-O Re8 10. Nd2 a6 11. a4 Nbd7 12. h3 Rb8 13. Nc4 Ne5 14. Na3 Nh5 15. e4 Bd7 16. a5 {A64: Modern Benoni: Fianchetto Variation: 9...Nbd7 10 Nd2 a6 11 a4 Re8.} b5 {White must now prevent ...b4.} 17. axb6 $1 Bb5 ({Don't play} 17... Rxb6 $6 18. f4 $16) ({Reject} 17... Qxb6 18. g4 $14) 18. Naxb5 {The position is equal.} axb5 19. Nxb5 {Black should prevent Ra6.} Qxb6 20. Na3 {[%cal Bb5a3,Ba3c2,Bc2e3][%mdl 32]} Qb3 21. Qxb3 Rxb3 22. Nc2 Nd3 23. Ra6 {[#]} Nxc1 $146 ({Predecessor:} 23... Be5 24. Na1 Nxc1 25. Nxb3 Nxb3 26. f4 Bd4+ 27. Kh2 Rd8 28. Rf3 c4 29. Ra4 Bxb2 30. Rxc4 {0-1 (41) Wukits,R (2321)-Brunello,S (2545) Vienna 2015}) 24. Rxc1 Rxb2 25. Ne3 Bd4 {And now ...Nxg3! would win.} 26. Rc2 (26. Nc2 {feels hotter.} Bf6 27. Ne1 Bd4 28. Nc2) 26... Reb8 (26... Rb3 {keeps more tension.} 27. Kh2 Bxe3 28. fxe3 Rxe3 29. g4 Nf4) 27. Rxb2 Rxb2 28. Rxd6 Nxg3 {Threatens to win with ...Rb1+.} 29. fxg3 (29. Bf3 {is interesting.} Ne2+ 30. Bxe2 Bxe3 31. Kf1 Bd4 32. Rc6) 29... Bxe3+ $11 {[%mdl 4096] Endgame KRB-KRB} 30. Kh2 $1 Rb1 31. h4 Bg1+ 32. Kh3 Rb3 33. Rf6 {[#]} (33. Rd8+ $11 Kg7 34. d6) 33... Bd4 $1 $17 {[%cal Rd4f6] Black continues to play with concentration.} 34. Rf3 c4 {...c3 is the strong threat.} 35. Rxb3 (35. d6 $17) 35... cxb3 {KB-KB} 36. Bf1 h5 37. g4 Kg7 38. gxh5 gxh5 39. Bc4 $2 (39. Kg3) 39... b2 $19 40. Bd3 Kf6 41. Kg3 Ke5 42. Bb1 Bc5 43. Kf3 Be7 44. Kg3 Bd8 45. Bc2 Be7 46. Bb1 $1 Bf6 (46... Kd4 $142 47. Bc2 Ke5) 47. Kf3 Bxh4 48. Kg2 Kf4 49. Kh3 Be1 50. Bc2 h4 51. Bb1 Bg3 52. Bc2 Ke3 53. e5 Bxe5 54. Kxh4 Bf6+ 55. Kh5 {[#]} Kd2 $1 {Accuracy: White = 65%, Black = 91%.} 0-1